Statistics for Countries with Five 1M+ Cities

Click here to take the quiz!

General Stats

  • This quiz has been taken 55 times
  • The average score is 28 of 40

Answer Stats

HintAnswer% Correct
SpainBarcelona
100%
ArgentinaBuenos Aires
100%
SpainMadrid
100%
AustraliaSydney
100%
AustraliaBrisbane
98%
VenezuelaCaracas
98%
UkraineKiev
98%
AustraliaMelbourne
98%
AustraliaPerth
98%
AustraliaAdelaide
95%
IraqBaghdad
95%
DRCKinshasa
95%
Saudi ArabiaRiyadh
95%
SpainSeville
93%
Saudi ArabiaJeddah
84%
VenezuelaValencia
84%
SpainValencia
84%
Saudi ArabiaMecca
82%
UkraineOdessa
80%
IraqBasra
77%
Saudi ArabiaMedina
75%
SpainMalaga
70%
IraqMosul
66%
ArgentinaCordoba
64%
UkraineDonetsk
59%
ArgentinaRosario
59%
UkraineKharkiv
57%
UkraineDnepropetrovsk
55%
VenezuelaMaracaibo
52%
ArgentinaMendoza
45%
Saudi ArabiaDammam
43%
IraqErbil
41%
DRCLubumbashi
41%
IraqKirkuk
32%
DRCKisangani
27%
DRCMbuji Mayi
25%
VenezuelaMaracay
23%
ArgentinaSan Miguel
23%
VenezuelaBarquisimeto
20%
DRCKananga
20%

Score Distribution

Percentile by Number Answered

Percent of People with Each Score

Your Score History

You have not taken this quiz